[Event "WY U-16 Chess Olympiad 2019"]
[Site "Corum"]
[Date "2019.10.29"]
[Round "1"]
[White "Martins, Bruno Andre Leite"]
[Black "Altundal, Arda"]
[Result "1-0"]
[WhiteElo "2284"]
[BlackElo "1776"]
[Annotator "ChessBase"]
[PlyCount "87"]
[EventDate "2019.10.28"]
[EventType "team-tourn"]
[EventCountry "TUR"]
[SourceTitle "playchess.com"]
[Source "ChessBase"]
[SourceQuality "1"]

1. e4 c5 2. Nf3 d6 3. d4 cxd4 4. Nxd4 Nf6 5. Nc3 a6 6. Bd3 e5 7. Nf5 g6 8. Ne3 Nbd7 9. O-O b5 10. a4 bxa4 11. Ned5 Nxd5 12. Nxd5 Nb6 13. Bg5 Qxg5 14. Nxb6 Bg4 15. Be2 Rb8 16. Nc4 Bh3 17. Bf3 Rd8 18. Nb6 Rb8 19. Nd5 Bd7 20. Nc7+ Kd8 21. Nd5 Bb5 22. Be2 Be7 23. Bxb5 axb5 24. c4 Qh5 25. Qd2 Kd7 26. Qa5 Rb7 27. Nb6+ Ke6 28. Qxb5 Rhb8 29. Qd5+ Kf6 30. Nxa4 Qe2 31. f4 Rxb2 32. fxe5+ Kg5 33. Nxb2 Rxb2 34. exd6+ f5 35. e5 Bd8 36. Rae1 Bb6+ 37. Kh1 Qg4 38. c5 Bxc5 39. d7 Be7 40. d8=Q Bxd8 41. Qxd8+ Kh5 42. Qd5 g5 43. Qf3 f4 44. e6 1-0

[Event "WY U-16 Chess Olympiad 2019"]
[Site "Corum"]
[Date "2019.10.29"]
[Round "1"]
[White "Chen, Justin"]
[Black "Celik, Eylul"]
[Result "1-0"]
[WhiteElo "2280"]
[BlackElo "1896"]
[Annotator "ChessBase"]
[PlyCount "61"]
[EventDate "2019.10.28"]
[EventType "team-tourn"]
[EventCountry "TUR"]
[SourceTitle "playchess.com"]
[Source "ChessBase"]
[SourceQuality "1"]

1. d4 d5 2. Nf3 c6 3. c4 e6 4. e3 Bd6 5. Bd3 f5 6. b3 Nf6 7. O-O Qe7 8. Bb2 O-O 9. Qc1 b6 10. Ba3 Nbd7 11. Bxd6 Qxd6 12. Nc3 Ne4 13. Ne2 c5 14. cxd5 exd5 15. Qb2 Bb7 16. Rac1 Rac8 17. Rfd1 Qh6 18. Ng3 f4 19. exf4 Qxf4 20. Bf1 Ndf6 21. dxc5 bxc5 22. b4 Ng4 23. Nxe4 dxe4 24. Rd7 Rf6 25. Rxb7 exf3 26. g3 Qe4 27. bxc5 Qf5 28. Re1 Kh8 29. Rb8 Rxb8 30. Qxb8+ Rf8 31. Re8 1-0

[Event "WY U-16 Chess Olympiad 2019"]
[Site "Corum"]
[Date "2019.10.29"]
[Round "1"]
[White "Musyuk, Lior"]
[Black "Ahmed, Jaza Jamal"]
[Result "1-0"]
[WhiteElo "2278"]
[BlackElo "2011"]
[Annotator "TA"]
[PlyCount "34"]
[EventDate "2019.10.28"]
[EventType "team-tourn"]
[EventCountry "TUR"]
[SourceTitle "playchess.com"]
[Source "ChessBase"]
[SourceQuality "1"]

1. e4 c5 2. Nf3 d6 3. d4 cxd4 4. Nxd4 Nf6 5. Nc3 Nc6 6. Be2 e5 7. Nb3 Be7 8. Bg5 O-O 9. Bxf6 Bxf6 10. Nd5 Bg5 11. Bg4 Be6 12. O-O g6 13. Bxe6 fxe6 14. Nc3 Qe7 15. Qd3 Rad8 16. Rad1 a6 17. a3 Kg7 1-0

[Event "WY U-16 Chess Olympiad 2019"]
[Site "Corum"]
[Date "2019.10.29"]
[Round "1"]
[White "Chatzieleftheriou, Andreas"]
[Black "Acimovic, Sergej"]
[Result "1-0"]
[WhiteElo "2258"]
[BlackElo "1998"]
[Annotator "ChessBase"]
[PlyCount "105"]
[EventDate "2019.10.28"]
[EventType "team-tourn"]
[EventCountry "TUR"]
[SourceTitle "playchess.com"]
[Source "ChessBase"]
[SourceQuality "1"]

1. e4 c5 2. Be2 Nc6 3. d3 e6 4. f4 d5 5. Nf3 dxe4 6. dxe4 Qxd1+ 7. Bxd1 b6 8. c3 Bb7 9. Be3 Nf6 10. Nbd2 O-O-O 11. Bc2 Bd6 12. g3 h6 13. O-O-O Bc7 14. Rhe1 Rhg8 15. e5 Nd5 16. Bh7 Rh8 17. Be4 Nce7 18. Bg1 Rd7 19. a3 Nc6 20. Nc4 Rhd8 21. Ne3 Nxe3 22. Bxe3 Rxd1+ 23. Rxd1 Rxd1+ 24. Kxd1 Ne7 25. Bxb7+ Kxb7 26. c4 Kc6 27. Kc2 b5 28. b3 bxc4 29. bxc4 Nc8 30. Nd2 Nb6 31. Kd3 Bd8 32. Ne4 Be7 33. g4 Nd7 34. Bf2 g5 35. Bg3 gxf4 36. Bxf4 Bf8 37. Nf6 Bg7 38. Nxd7 Kxd7 39. Ke4 Ke8 40. h4 f6 41. exf6 Bxf6 42. g5 hxg5 43. Bxg5 Bg7 44. h5 Kf7 45. Bf4 Bd4 46. Be3 e5 47. Bg5 Kg7 48. a4 a6 49. Kf5 Kh7 50. Bf6 Kh6 51. Bxe5 Bf2 52. Kg4 Bg1 53. Bf4+ 1-0

[Event "WY U-16 Chess Olympiad 2019"]
[Site "Corum"]
[Date "2019.10.29"]
[Round "1"]
[White "Peycheva, Gergana"]
[Black "Zholdoshmamatov, Adilet"]
[Result "1-0"]
[WhiteElo "2246"]
[BlackElo "1682"]
[Annotator "ChessBase"]
[PlyCount "60"]
[EventDate "2019.10.28"]
[EventType "team-tourn"]
[EventCountry "TUR"]
[SourceTitle "playchess.com"]
[Source "ChessBase"]
[SourceQuality "1"]

1. d4 Nf6 2. c4 g6 3. Nf3 Bg7 4. Nc3 d6 5. e4 O-O 6. Be2 e5 7. O-O exd4 8. Nxd4 Re8 9. f3 Nc6 10. Be3 Nh5 11. Nxc6 bxc6 12. Qd2 Qh4 13. Nd1 Qe7 14. Re1 Ba6 15. Nf2 Nf6 16. Rad1 Nd7 17. Qa5 Bc8 18. Qxc7 Bxb2 19. Qxc6 Nb6 20. Bxb6 Bb7 21. Qb5 Bc3 22. Bd4 a6 23. Qb3 Bxe1 24. Rxe1 Rab8 25. Ba1 h5 26. Qc3 Qe5 27. Qd2 Qe7 28. Qh6 f6 29. Qxg6+ Qg7 30. Qxh5 Bc8 1-0

[Event "WY U-16 Chess Olympiad 2019"]
[Site "Corum"]
[Date "2019.10.29"]
[Round "1"]
[White "Vettese, Nicholas"]
[Black "Schnabel, Johann Emil"]
[Result "1-0"]
[WhiteElo "2235"]
[BlackElo "1708"]
[Annotator "ChessBase"]
[PlyCount "61"]
[EventDate "2019.10.28"]
[EventType "team-tourn"]
[EventCountry "TUR"]
[SourceTitle "playchess.com"]
[Source "ChessBase"]
[SourceQuality "1"]

1. e4 c5 2. Nf3 Nc6 3. d4 cxd4 4. Nxd4 g6 5. Nc3 Bg7 6. Be3 Nf6 7. Nxc6 bxc6 8. e5 Ng8 9. f4 f6 10. e6 dxe6 11. Qf3 Nh6 12. Qxc6+ Bd7 13. Qf3 Rb8 14. Bc4 Qc7 15. Bb3 Nf5 16. Bf2 Bh6 17. Ne2 Nd6 18. O-O Nf7 19. Nd4 Qxf4 20. Qe2 e5 21. Ne6 Qb4 22. Nc7+ Kf8 23. Qd3 Nd6 24. Na6 Qb7 25. Nxb8 Qxb8 26. Bc5 Qc7 27. Rxf6+ Kg7 28. Qxd6 Be3+ 29. Bxe3 Qxd6 30. Rf7+ Kg8 31. Bh6 1-0

[Event "WY U-16 Chess Olympiad 2019"]
[Site "Corum"]
[Date "2019.10.29"]
[Round "1"]
[White "Siniauski, Artsiom"]
[Black "Foo, Jiu Weir Brien"]
[Result "1-0"]
[WhiteElo "2233"]
[BlackElo "1731"]
[Annotator "ChessBase"]
[PlyCount "73"]
[EventDate "2019.10.28"]
[EventType "team-tourn"]
[EventCountry "TUR"]
[SourceTitle "playchess.com"]
[Source "ChessBase"]
[SourceQuality "1"]

1. e4 e5 2. Nf3 Nf6 3. d4 Nxe4 4. Bd3 d5 5. Nxe5 Bd6 6. O-O O-O 7. c4 c6 8. b3 Nd7 9. Nxd7 Bxd7 10. Ba3 Bxa3 11. Nxa3 Re8 12. Nc2 Nf6 13. Ne3 dxc4 14. bxc4 Be6 15. Qd2 Qd7 16. Rfd1 Rad8 17. h3 Qe7 18. Qb2 Rd7 19. a4 Red8 20. Be2 Ne4 21. Bf3 Ng5 22. Bg4 Bxg4 23. hxg4 Qf6 24. Rab1 Ne4 25. f3 Qf4 26. Nf5 Nf6 27. Qd2 Qxd2 28. Rxd2 g6 29. Ne3 Rxd4 30. Rxd4 Rxd4 31. Rxb7 Rd7 32. Rb8+ Kg7 33. g5 Nh5 34. Rc8 Rd3 35. Ng4 Rd2 36. Nh6 Nf4 37. Rg8# 1-0

[Event "WY U-16 Chess Olympiad 2019"]
[Site "Corum"]
[Date "2019.10.29"]
[Round "1"]
[White "Gevorgyan, Albert"]
[Black "Chong, Kai Ni Agnes"]
[Result "1-0"]
[WhiteElo "2231"]
[BlackElo "1901"]
[Annotator "ChessBase"]
[PlyCount "55"]
[EventDate "2019.10.28"]
[EventType "team-tourn"]
[EventCountry "TUR"]
[SourceTitle "playchess.com"]
[Source "ChessBase"]
[SourceQuality "1"]

1. Nf3 d5 2. c4 c6 3. e3 Nf6 4. Nc3 e6 5. b3 Nbd7 6. Bb2 Bd6 7. Qc2 O-O 8. Be2 b6 9. Rg1 Bb7 10. g4 Qe7 11. g5 Ne8 12. h4 e5 13. h5 Nc7 14. Nh4 Bc5 15. Na4 g6 16. Nxc5 bxc5 17. f4 exf4 18. hxg6 d4 19. Nf5 Qe6 20. Bg4 Qe5 21. gxh7+ Kh8 22. Nxd4 f6 23. Nf3 Qe7 24. Bxd7 fxe3 25. gxf6 exd2+ 26. Kf2 Qf7 27. Rg7 Qh5 28. f7 1-0

[Event "WY U-16 Chess Olympiad 2019"]
[Site "Corum"]
[Date "2019.10.29"]
[Round "1"]
[White "Mammadov, Sadig"]
[Black "Assaubayeva, Bibisara"]
[Result "1/2-1/2"]
[WhiteElo "2216"]
[BlackElo "2381"]
[Annotator "ChessBase"]
[PlyCount "84"]
[EventDate "2019.10.28"]
[EventType "team-tourn"]
[EventCountry "TUR"]
[SourceTitle "playchess.com"]
[Source "ChessBase"]
[SourceQuality "1"]

1. e4 e5 2. Nf3 Nc6 3. Bb5 a6 4. Ba4 Nf6 5. d3 d6 6. c3 g6 7. O-O Bg7 8. h3 O-O 9. Nbd2 Bd7 10. Re1 Qe8 11. Bb3 Nh5 12. Nf1 Kh8 13. g4 Nf6 14. Ng3 Na5 15. Bc2 c5 16. Be3 Nc6 17. Qd2 Ng8 18. d4 exd4 19. cxd4 cxd4 20. Nxd4 Rc8 21. Nxc6 Bxc6 22. Qxd6 Bxb2 23. Bd4+ Bxd4 24. Qxd4+ f6 25. e5 fxe5 26. Rxe5 Qd8 27. Qb2 Qf6 28. f4 Qg7 29. f5 Bb5 30. Rae1 Rfe8 31. Bb3 Rxe5 32. Qxe5 Qxe5 33. Rxe5 Bc4 34. g5 Bxb3 35. axb3 gxf5 36. Nxf5 h6 37. h4 hxg5 38. hxg5 Rc6 39. Kf2 Kh7 40. Kf3 Rb6 41. Kg4 Kg6 42. Nh4+ Kg7 1/2-1/2

[Event "WY U-16 Chess Olympiad 2019"]
[Site "Corum"]
[Date "2019.10.29"]
[Round "1"]
[White "Utsab Chatterjee"]
[Black "Mekarapiruk, Chawit"]
[Result "1-0"]
[WhiteElo "2211"]
[BlackElo "1657"]
[Annotator "ChessBase"]
[PlyCount "58"]
[EventDate "2019.10.28"]
[EventType "team-tourn"]
[EventCountry "TUR"]
[SourceTitle "playchess.com"]
[Source "ChessBase"]
[SourceQuality "1"]

1. e4 c5 2. Nf3 d6 3. d4 cxd4 4. Nxd4 Nf6 5. Nc3 Nc6 6. Bg5 e6 7. Qd2 a6 8. O-O-O Bd7 9. f4 h6 10. Bh4 g5 11. fxg5 Ng4 12. Nf3 Be7 13. Kb1 Nge5 14. Rg1 Rg8 15. Be2 hxg5 16. Bg3 b5 17. Rgf1 Rh8 18. Qe3 f6 19. h4 gxh4 20. Rh1 Qa5 21. Rxh4 Rxh4 22. Nxh4 b4 23. Bh5+ Kd8 24. Ne2 Kc7 25. Nf4 Nc4 26. Qe2 Na3+ 27. Ka1 Nxc2+ 28. Qxc2 Rb8 29. Qb3 Qc5 1-0

[Event "WY U-16 Chess Olympiad 2019"]
[Site "Corum"]
[Date "2019.10.29"]
[Round "1"]
[White "Briem, Stephan"]
[Black "Larkin, Vladyslav"]
[Result "1/2-1/2"]
[WhiteElo "2199"]
[BlackElo "2405"]
[Annotator "TA"]
[PlyCount "85"]
[EventDate "2019.10.28"]
[EventType "team-tourn"]
[EventCountry "TUR"]
[SourceTitle "playchess.com"]
[Source "ChessBase"]
[SourceQuality "1"]

1. d4 Nf6 2. c4 e6 3. Nc3 Bb4 4. e3 O-O 5. Nge2 Re8 6. a3 Bf8 7. Ng3 d5 8. cxd5 exd5 9. Be2 c5 10. dxc5 Bxc5 11. b4 Bd6 12. O-O Be5 13. Bb2 Nc6 14. b5 Na5 15. Na4 Bxb2 16. Nxb2 Be6 17. Qa4 b6 18. Rac1 Nd7 19. Qb4 Rc8 20. Bd3 Nc5 21. Ne2 Qg5 22. Qf4 Qxf4 23. Nxf4 Nab3 24. Rcd1 Bg4 25. Be2 Bxe2 26. Nxe2 Ne4 27. Nc1 Nbd2 28. Rfe1 Rc2 29. Ncd3 Nc4 30. Nxc4 dxc4 31. Nb4 Rxf2 32. Rd4 Rf5 33. Nc6 h5 34. Rxc4 Nd2 35. Rc2 Rxe3 36. Rd1 Nb3 37. Nxa7 Nd4 38. Rf2 Rxf2 39. Kxf2 Rxa3 40. Rxd4 Rxa7 41. Rd6 Rb7 42. Kf3 Kf8 43. Rc6 1/2-1/2

[Event "WY U-16 Chess Olympiad 2019"]
[Site "Corum"]
[Date "2019.10.29"]
[Round "1"]
[White "Risteski, Emil"]
[Black "Abdusattorov, Nodirbek"]
[Result "0-1"]
[WhiteElo "2197"]
[BlackElo "2608"]
[Annotator "TA"]
[PlyCount "86"]
[EventDate "2019.10.28"]
[EventType "team-tourn"]
[EventCountry "TUR"]
[SourceTitle "playchess.com"]
[Source "ChessBase"]
[SourceQuality "1"]

1. e4 c5 2. Nf3 d6 3. Bb5+ Nd7 4. d4 cxd4 5. Qxd4 a6 6. Bxd7+ Bxd7 7. O-O Rc8 8. Nc3 e5 9. Qd3 h6 10. Rd1 Nf6 11. Nd2 Bg4 12. Re1 Be6 13. a4 Be7 14. Nf1 O-O 15. Ne3 Qb6 16. Rd1 Qc5 17. Bd2 Bd8 18. Be1 Ba5 19. Ncd5 Bxd5 20. exd5 Bxe1 21. Rxe1 g6 22. Ra3 Qb4 23. Rd1 Rc7 24. Qb3 Qf4 25. Qd3 Rfc8 26. Qe2 h5 27. h3 a5 28. c4 Nd7 29. Rc3 Nc5 30. b3 Re7 31. Nc2 e4 32. Qe3 Qh4 33. f4 exf3 34. Qxf3 Rce8 35. Rf1 f5 36. Kh2 Qf6 37. Na3 h4 38. Nb5 Ne4 39. Rd3 Ng3 40. Rdd1 Nxf1+ 41. Rxf1 Re1 42. Rxe1 Rxe1 43. Qf4 Qa1 0-1

[Event "WY U-16 Chess Olympiad 2019"]
[Site "Corum"]
[Date "2019.10.29"]
[Round "1"]
[White "Nurgali, Nazerke"]
[Black "Garayev, Sadig"]
[Result "1-0"]
[WhiteElo "2194"]
[BlackElo "1723"]
[Annotator "ChessBase"]
[PlyCount "101"]
[EventDate "2019.10.28"]
[EventType "team-tourn"]
[EventCountry "TUR"]
[SourceTitle "playchess.com"]
[Source "ChessBase"]
[SourceQuality "1"]

1. d4 Nf6 2. c4 g6 3. Nf3 Bg7 4. Nc3 d5 5. e3 O-O 6. cxd5 Nxd5 7. Bc4 Nxc3 8. bxc3 c5 9. O-O Qc7 10. Bb3 b6 11. Re1 Nc6 12. Ba3 Na5 13. Bd5 Rb8 14. Qe2 Rd8 15. Be4 e5 16. Bd3 Bg4 17. Rac1 Qc6 18. Bb5 Qe6 19. dxe5 Bxf3 20. gxf3 Bxe5 21. c4 Qf5 22. f4 Bf6 23. Rcd1 h5 24. Bc1 Qg4+ 25. Qxg4 hxg4 26. Kg2 Bc3 27. Rf1 Nb7 28. Bd7 Na5 29. Bb5 Nb7 30. Kg3 Nd6 31. Kxg4 a6 32. Bxa6 Ra8 33. Bb5 Nxb5 34. Rxd8+ Rxd8 35. cxb5 c4 36. e4 Ba5 37. Be3 c3 38. Rc1 Rc8 39. Rc2 Rd8 40. Kf3 Rd1 41. Ke2 Rb1 42. Bd4 Rxb5 43. Kd3 f5 44. f3 Kf7 45. Bxc3 Bxc3 46. Rxc3 Rb2 47. Rc2 fxe4+ 48. fxe4 Rb4 49. Rc7+ Ke6 50. Rc6+ Kf7 51. a3 1-0

[Event "WY U-16 Chess Olympiad 2019"]
[Site "Corum"]
[Date "2019.10.29"]
[Round "1"]
[White "Turcan, Richard"]
[Black "Claassen, Jean-Daniel"]
[Result "1-0"]
[WhiteElo "2174"]
[BlackElo "1573"]
[Annotator "ChessBase"]
[PlyCount "64"]
[EventDate "2019.10.28"]
[EventType "team-tourn"]
[EventCountry "TUR"]
[SourceTitle "playchess.com"]
[Source "ChessBase"]
[SourceQuality "1"]

1. e4 c5 2. Nf3 Nc6 3. d4 cxd4 4. Nxd4 g6 5. c4 Bg7 6. Be3 Nf6 7. Nc3 d6 8. Be2 a5 9. Ndb5 Be6 10. f4 O-O 11. O-O Qc8 12. Rc1 Bg4 13. h3 Bxe2 14. Qxe2 Nh5 15. Kh2 e5 16. f5 Nf4 17. Qd2 gxf5 18. Nxd6 Qe6 19. exf5 Qh6 20. Nce4 Rad8 21. c5 b6 22. f6 Bxf6 23. Nxf6+ Qxf6 24. g3 bxc5 25. Bxc5 Qe6 26. gxf4 e4 27. Qg2+ Kh8 28. Qxe4 Rxd6 29. Qxe6 Rd2+ 30. Kh1 fxe6 31. Bxf8 Kg8 32. Rxc6 Kxf8 1-0

[Event "WY U-16 Chess Olympiad 2019"]
[Site "Corum"]
[Date "2019.10.29"]
[Round "1"]
[White "Itgelt, Khuyagtsogt"]
[Black "Ahmadzada, Ahmad"]
[Result "1/2-1/2"]
[WhiteElo "2160"]
[BlackElo "2406"]
[Annotator "ChessBase"]
[PlyCount "111"]
[EventDate "2019.10.28"]
[EventType "team-tourn"]
[EventCountry "TUR"]
[SourceTitle "playchess.com"]
[Source "ChessBase"]
[SourceQuality "1"]

1. d4 Nf6 2. c4 c5 3. d5 e6 4. Nc3 exd5 5. cxd5 d6 6. g3 g6 7. Bg2 Bg7 8. Nf3 O-O 9. O-O Re8 10. Nd2 Nbd7 11. h3 a6 12. a4 Rb8 13. Ra2 b5 14. axb5 axb5 15. b3 b4 16. Na4 Ba6 17. Re1 Bb5 18. e4 Ra8 19. Nc4 Bxc4 20. bxc4 Nb6 21. Qb3 Nxa4 22. Rxa4 Rxa4 23. Qxa4 Qa8 24. Qc6 Qa1 25. Bd2 Qd4 26. Bg5 Re5 27. Qc8+ Re8 28. Qc6 Re5 29. Bf4 Nh5 30. Qa8+ Bf8 31. Bxe5 dxe5 32. Bf3 Qc3 33. Re3 Qxc4 34. Bxh5 gxh5 35. Kg2 Qb5 36. Qc6 Qb8 37. Rf3 Qd8 38. Rf5 Bd6 39. h4 Kg7 40. f4 b3 41. Qb7 Qc7 42. Qxb3 c4 43. Qd1 c3 44. Qc2 exf4 45. Rg5+ Kf8 46. gxf4 Bxf4 47. Rf5 Bd2 48. e5 Qc4 49. e6 Qg4+ 50. Kf1 Qh3+ 51. Ke2 Qe3+ 52. Kf1 Qh3+ 53. Ke2 Qe3+ 54. Kf1 Qh3+ 55. Ke2 Qe3+ 56. Kf1 1/2-1/2

[Event "WY U-16 Chess Olympiad 2019"]
[Site "Corum"]
[Date "2019.10.29"]
[Round "1"]
[White "Kusa, Jakub"]
[Black "Aman Deepak Thadani"]
[Result "1-0"]
[WhiteElo "2156"]
[BlackElo "1627"]
[Annotator "ChessBase"]
[PlyCount "47"]
[EventDate "2019.10.28"]
[EventType "team-tourn"]
[EventCountry "TUR"]
[SourceTitle "playchess.com"]
[Source "ChessBase"]
[SourceQuality "1"]

1. e4 e6 2. d4 d5 3. Nd2 c5 4. exd5 Qxd5 5. Ngf3 cxd4 6. Bc4 Qd7 7. O-O Nc6 8. Nb3 Nf6 9. Nbxd4 Nxd4 10. Nxd4 a6 11. Re1 b5 12. Bb3 Bc5 13. Be3 Nd5 14. Bxd5 Qxd5 15. Nxb5 Qxd1 16. Nc7+ Kd7 17. Raxd1+ Kxc7 18. Bxc5 Bb7 19. Bd4 Rhg8 20. Be5+ Kc8 21. Re3 Bc6 22. Rc3 Kb7 23. Rb3+ Ka7 24. Bd4# 1-0

[Event "WY U-16 Chess Olympiad 2019"]
[Site "Corum"]
[Date "2019.10.29"]
[Round "1"]
[White "Srihari, L."]
[Black "Asavasaetakul, Chawit"]
[Result "1-0"]
[WhiteElo "2136"]
[BlackElo "1746"]
[Annotator "ChessBase"]
[PlyCount "31"]
[EventDate "2019.10.28"]
[EventType "team-tourn"]
[EventCountry "TUR"]
[SourceTitle "playchess.com"]
[Source "ChessBase"]
[SourceQuality "1"]

1. e4 c6 2. d4 d5 3. Nc3 dxe4 4. Nxe4 Bf5 5. Ng3 Bg6 6. h4 h6 7. Bc4 e6 8. N1e2 Bd6 9. Nf4 Ne7 10. Nxg6 Nxg6 11. Qg4 h5 12. Qe4 Bxg3 13. fxg3 Qd6 14. O-O Qxg3 15. Rxf7 Ne5 16. Rf1 1-0

[Event "WY U-16 Chess Olympiad 2019"]
[Site "Corum"]
[Date "2019.10.29"]
[Round "1"]
[White "Butvilas, Aistis"]
[Black "Gardiner, Noa Saxon"]
[Result "1-0"]
[WhiteElo "2116"]
[BlackElo "1311"]
[Annotator "ChessBase"]
[PlyCount "87"]
[EventDate "2019.10.28"]
[EventType "team-tourn"]
[EventCountry "TUR"]
[SourceTitle "playchess.com"]
[Source "ChessBase"]
[SourceQuality "1"]

1. d4 Nf6 2. c4 e6 3. Nf3 b6 4. g3 Bb7 5. Bg2 Be7 6. O-O O-O 7. Nc3 d5 8. cxd5 exd5 9. Bf4 Ne4 10. Qc2 a6 11. Rfd1 Nd7 12. Nxe4 dxe4 13. Ne5 g5 14. Nxd7 Qxd7 15. Qxc7 Qxc7 16. Bxc7 b5 17. Rac1 Rac8 18. d5 f5 19. g4 e3 20. fxe3 Bd8 21. Bxd8 Rcxd8 22. Rc7 Bc8 23. gxf5 Bxf5 24. e4 Bg4 25. Rd2 Rfe8 26. Kf2 Rd6 27. Bf3 Be6 28. e5 Rdd8 29. dxe6 Rxd2 30. e7 Rxb2 31. Bh5 Rxe7 32. Rxe7 Rb4 33. Ra7 Re4 34. e6 Rf4+ 35. Ke1 Rf8 36. e7 Rc8 37. e8=Q+ Rxe8 38. Bxe8 Kf8 39. Bh5 h6 40. e4 a5 41. e5 a4 42. e6 b4 43. e7+ Kg8 44. e8=Q# 1-0

[Event "WY U-16 Chess Olympiad 2019"]
[Site "Corum"]
[Date "2019.10.29"]
[Round "1"]
[White "Miletic, Vuk"]
[Black "Nalbant, Tuna Onat"]
[Result "1/2-1/2"]
[WhiteElo "2105"]
[BlackElo "2401"]
[Annotator "TA"]
[PlyCount "85"]
[EventDate "2019.10.28"]
[EventType "team-tourn"]
[EventCountry "TUR"]
[SourceTitle "playchess.com"]
[Source "ChessBase"]
[SourceQuality "1"]

1. c4 Nf6 2. Nc3 d5 3. cxd5 Nxd5 4. g3 g6 5. Bg2 Nxc3 6. bxc3 Bg7 7. Rb1 Nc6 8. Nf3 O-O 9. O-O b6 10. c4 Bb7 11. Bb2 Na5 12. Bxg7 Kxg7 13. d3 c5 14. Nd2 Bxg2 15. Kxg2 Nc6 16. Qc1 Nd4 17. Qb2 f6 18. Nb3 Nc6 19. Rbd1 e5 20. e3 Rf7 21. d4 Rd7 22. d5 Ne7 23. e4 Nc8 24. f4 Qe7 25. fxe5 Qxe5 26. Qxe5 fxe5 27. a4 Nd6 28. Nd2 a6 29. Rb1 b5 30. axb5 axb5 31. cxb5 Ra2 32. Rf2 Rf7 33. Rbf1 c4 34. Nf3 Rxf2+ 35. Rxf2 Nxe4 36. Rc2 c3 37. Nxe5 Rf5 38. Nf3 Rxd5 39. Kf1 g5 40. Ke2 g4 41. Ke3 gxf3 42. Kxe4 Rxb5 43. Rxc3 1/2-1/2

[Event "WY U-16 Chess Olympiad 2019"]
[Site "Corum"]
[Date "2019.10.29"]
[Round "1"]
[White "Srdanovic, Jovana"]
[Black "Gurel, Ediz"]
[Result "0-1"]
[WhiteElo "2100"]
[BlackElo "1995"]
[Annotator "ChessBase"]
[PlyCount "100"]
[EventDate "2019.10.28"]
[EventType "team-tourn"]
[EventCountry "TUR"]
[SourceTitle "playchess.com"]
[Source "ChessBase"]
[SourceQuality "1"]

1. d4 Nf6 2. c4 e6 3. Nf3 b6 4. a3 Bb7 5. Nc3 Ne4 6. Nxe4 Bxe4 7. Bf4 d6 8. e3 Nd7 9. Be2 Be7 10. O-O O-O 11. h3 Bf6 12. Bh2 Re8 13. Qd2 e5 14. d5 a5 15. Ra2 a4 16. Qb4 Nc5 17. Nd2 Bg6 18. Nb1 Ra5 19. Qd2 Nb3 20. Qb4 Bxb1 21. Rxb1 e4 22. Bd1 Nc5 23. Bc2 Be5 24. Qd2 Qh4 25. Rf1 Bxh2+ 26. Kxh2 Re5 27. Qe2 Ra8 28. Qg4 Qe7 29. Raa1 g6 30. Rae1 Rg5 31. Qf4 Rf5 32. Qg3 Re5 33. Kh1 Rb8 34. Rb1 Kh8 35. Qg4 f5 36. Qe2 Qe8 37. b4 axb3 38. Bxb3 Ra8 39. Qb2 Ra5 40. Bd1 Kg8 41. Ra1 Qf8 42. Qc3 Re8 43. Be2 Rea8 44. f3 Qg7 45. Rfc1 exf3 46. Bxf3 Qe7 47. Re1 Ne4 48. Qb2 Ra4 49. Rec1 Ng5 50. Bd1 R4a5 0-1

[Event "WY U-16 Chess Olympiad 2019"]
[Site "Corum"]
[Date "2019.10.29"]
[Round "1"]
[White "Omonova, Umida"]
[Black "Velkovski, Kristijan"]
[Result "0-1"]
[WhiteElo "2078"]
[BlackElo "1866"]
[Annotator "NA"]
[PlyCount "158"]
[EventDate "2019.10.28"]
[EventType "team-tourn"]
[EventCountry "TUR"]
[SourceTitle "playchess.com"]
[Source "ChessBase"]
[SourceQuality "1"]

1. e4 e5 2. Nf3 Nc6 3. Bc4 Bc5 4. O-O Nf6 5. d3 h6 6. c3 d6 7. a4 a6 8. Nbd2 O-O 9. h3 Re8 10. Re1 Ba7 11. Nf1 Be6 12. Ng3 Qd7 13. Bxe6 Qxe6 14. Nh4 Ne7 15. Qf3 Ng6 16. Nhf5 Kh7 17. Be3 d5 18. Bxa7 dxe4 19. dxe4 Rxa7 20. Qe3 Qb6 21. Qxb6 cxb6 22. Nd6 Rd8 23. Ngf5 Raa8 24. b4 Rd7 25. Nc4 Rd3 26. Nxb6 Rad8 27. c4 Rd2 28. Nd5 Nxd5 29. cxd5 Nf4 30. b5 g6 31. Ne3 f5 32. f3 fxe4 33. fxe4 Rd4 34. Ng4 Rd2 35. Nf2 Rf8 36. Rf1 h5 37. Ra3 h4 38. Kh2 Nh5 39. Rf3 Rxf3 40. gxf3 Ng3 41. Kg2 Nxf1 42. Kxf1 axb5 43. axb5 Rb2 44. Nd3 Rxb5 45. Nxe5 Rb6 46. Ke2 Kg7 47. Kd3 Rd6 48. Kd4 Rd8 49. Nd3 Kf6 50. e5+ Kf5 51. e6 Kf6 52. Nb4 Rc8 53. f4 Rc1 54. Nd3 Rd1 55. Ke4 b6 56. Nf2 Re1+ 57. Kd4 Kf5 58. Nd3 Re4+ 59. Kc3 b5 60. Kb2 Kf6 61. Nc5 Rd4 62. Nd7+ Ke7 63. Ne5 Rxd5 64. Nxg6+ Kxe6 65. Nxh4 Rd3 66. Ng6 Rxh3 67. Ne5 Rh4 68. Nd3 Kd5 69. f5 Kd4 70. Ne1 Rf4 71. Kb3 Kd5 72. Nc2 Kd6 73. f6 Rxf6 74. Kb4 Rf5 75. Nd4 Rf4 76. Kc3 b4+ 77. Kd3 Kd5 78. Nb3 Rf3+ 79. Kc2 Rh3 0-1

[Event "WY U-16 Chess Olympiad 2019"]
[Site "Corum"]
[Date "2019.10.29"]
[Round "1"]
[White "Navaratnam, Rohan Shan Tze"]
[Black "Sargsyan, Tigran R."]
[Result "1-0"]
[WhiteElo "2061"]
[BlackElo "2321"]
[Annotator "TA"]
[PlyCount "103"]
[EventDate "2019.10.28"]
[EventType "team-tourn"]
[EventCountry "TUR"]
[SourceTitle "playchess.com"]
[Source "ChessBase"]
[SourceQuality "1"]

1. e4 c6 2. d4 d5 3. Nc3 dxe4 4. Nxe4 Bf5 5. Ng3 Bg6 6. Nh3 e6 7. Nf4 Bd6 8. h4 Qc7 9. Nxg6 hxg6 10. Ne4 Bf4 11. Bxf4 Qxf4 12. Ng5 Nf6 13. g3 Qc7 14. Qe2 Qa5+ 15. c3 Nbd7 16. a3 O-O 17. O-O-O c5 18. Kb1 Rfd8 19. f4 cxd4 20. Rxd4 Nc5 21. Rxd8+ Rxd8 22. Bg2 Nh5 23. Qf2 Nd3 24. Qf3 Nxg3 25. Rd1 Qf5 26. Ne4 Qb5 27. Rd2 Nxe4 28. Qxe4 Rd5 29. Qe3 Nxb2 30. Rxb2 Rd1+ 31. Kc2 Qa4+ 32. Rb3 Ra1 33. Kb2 Rb1+ 34. Kxb1 Qxb3+ 35. Kc1 Qxa3+ 36. Kd1 b5 37. Qd4 a5 38. Be4 Qa1+ 39. Ke2 a4 40. h5 Qb2+ 41. Kf3 f5 42. hxg6 fxe4+ 43. Kg3 Qa3 44. Qd8+ Qf8 45. Qd7 Kh8 46. Qxe6 Qd8 47. Qh3+ Kg8 48. Qh7+ Kf8 49. Qh8+ Ke7 50. Qxg7+ Ke6 51. Qe5+ Kd7 52. Qd5+ 1-0

[Event "WY U-16 Chess Olympiad 2019"]
[Site "Corum"]
[Date "2019.10.29"]
[Round "1"]
[White "Modi, Yashil"]
[Black "Rodrigue-Lemieux, Shawn"]
[Result "0-1"]
[WhiteElo "2053"]
[BlackElo "2263"]
[Annotator "ChessBase"]
[PlyCount "62"]
[EventDate "2019.10.28"]
[EventType "team-tourn"]
[EventCountry "TUR"]
[SourceTitle "playchess.com"]
[Source "ChessBase"]
[SourceQuality "1"]

1. d4 Nf6 2. c4 e6 3. g3 d5 4. Nf3 Be7 5. Bg2 O-O 6. O-O dxc4 7. Qc2 a6 8. Qxc4 b5 9. Qc2 Bb7 10. Rd1 Ra7 11. a4 Be4 12. Qb3 Bd5 13. Qc2 bxa4 14. Nbd2 Nc6 15. Qxa4 Qa8 16. Nc4 Rb8 17. Bd2 a5 18. Rdc1 Bb4 19. Ne3 Nxd4 20. Nxd5 Nxe2+ 21. Kf1 Qxd5 22. Kxe2 Bxd2 23. Nxd2 Qxg2 24. Qd4 Raa8 25. Rxc7 Rd8 26. Qf4 Rab8 27. b3 Qd5 28. Rac1 e5 29. Qe3 Ng4 30. Qc3 Qg2 31. Qc5 Nxf2 0-1